France grise, France verte : Une histoire environnementale depuis 1945 (notice n° 1566742)

détails MARC
000 -LEADER
fixed length control field 01597cam a2200133 4500500
005 - DATE AND TIME OF LATEST TRANSACTION
control field 20251214002045.0
041 ## - LANGUAGE CODE
Language code of text/sound track or separate title fre
042 ## - AUTHENTICATION CODE
Authentication code dc
100 10 - MAIN ENTRY--PERSONAL NAME
Personal name Vrignon, Alexis
Relator term author
245 00 - TITLE STATEMENT
Title France grise, France verte : Une histoire environnementale depuis 1945
260 ## - PUBLICATION, DISTRIBUTION, ETC.
Name of publisher, distributor, etc. Armand Colin,<br/>
Date of publication, distribution, etc. 2022.<br/>
520 ## - SUMMARY, ETC.
Summary, etc. L’environnement, ses enjeux et sa gestion sont aujourd’hui au cœur de la politique, nationale et internationale. La problématique de l’écologie et du développement durable est devenue incontournable, mais comment la France a-t-elle géré cette question depuis plus d’un demi-siècle ? Cet ouvrage se propose de revisiter l’histoire récente de la France, de 1945 à nos jours, à la lumière des enjeux environnementaux. Ainsi, la période de croissance économique et d’industrialisation qui a transformé les sociétés industrielles, les « Trente Glorieuses », est analysée sous un jour nouveau pour comprendre les ressorts et les implications de la « grande accélération » dont nous sommes les héritiers et, à bien des égards, les perpétuateurs. Présentant les profondes transformations de l’environnement confronté aux mutations économiques et technologiques, l'auteur explore les politiques appliquées, le rapport de la modernité économique aux défis écologiques, les alternatives explorées et interroge les représentations diverses d’un modèle de développement, voire de société, sans cesse contesté.
856 41 - ELECTRONIC LOCATION AND ACCESS
Uniform Resource Identifier <a href="https://shs.cairn.info/france-grise-france-verte--9782200629298?lang=fr&redirect-ssocas=7080">https://shs.cairn.info/france-grise-france-verte--9782200629298?lang=fr&redirect-ssocas=7080</a>

Pas d'exemplaire disponible.

PLUDOC

PLUDOC est la plateforme unique et centralisée de gestion des bibliothèques physiques et numériques de Guinée administré par le CEDUST. Elle est la plus grande base de données de ressources documentaires pour les Étudiants, Enseignants chercheurs et Chercheurs de Guinée.

Adresse

627 919 101/664 919 101

25 boulevard du commerce
Kaloum, Conakry, Guinée

Réseaux sociaux

Powered by Netsen Group @ 2025